80 años Servicio Nacional del Consumidor.
Saved in:
| Corporate Author: | |
|---|---|
| Other Authors: | |
| Format: | Book |
| Published: |
Santiago, Chile:
Ministerio de Economía, Fomento y Turismo, SERNAC,
2012.
|
| Subjects: | |
| Tags: |
Add Tag
No Tags, Be the first to tag this record!
|
MARC
| LEADER | 00000nam a22000007a 4500 | ||
|---|---|---|---|
| 003 | CL-VaPUC | ||
| 005 | 20230726131913.0 | ||
| 008 | 230705t2012 ||||| |||| 00| 0 eng d | ||
| 999 | |c 441302 |d 441300 | ||
| 040 | |c Pontificia Universidad Católica de Valparaíso | ||
| 082 | |2 22 |a 343.83071 SER 2012 | ||
| 110 | |9 390582 |a Servicio Nacional del Consumidor (SERNAC) |e autor | ||
| 245 | |a 80 años Servicio Nacional del Consumidor. | ||
| 260 | |a Santiago, Chile: |b Ministerio de Economía, Fomento y Turismo, |b SERNAC, |c 2012. | ||
| 300 | |a 79 páginas; ilustraciones. | ||
| 500 | |a c.1 Donación Escuela de Negocios. Memo 04/2023 | ||
| 583 | |c 20230705 |k Catalogador Asistente | ||
| 610 | 0 | |9 390582 |a Servicio Nacional del Consumidor (SERNAC) |x Historia institucional |z Chile | |
| 650 | 0 | |9 871489 |a Protección de los Derechos de los Consumidores |x Casos de estudios |z Chile | |
| 700 | |a Rodriguez, Lucía |e ilustraciones |9 883589 | ||
| 942 | |2 ddc |c BK | ||
| 952 | |0 0 |1 0 |2 ddc |4 0 |6 343_830710000000000_SER_2012 |7 0 |8 A |9 590665 |a BIBENE |b BIBENE |c GEN |d 2023-07-05 |e Donación |i 5657868 |o 343.83071 SER 2012 |p 5657868 |r 2025-01-15 |t 1 |w 2023-07-05 |y BK |k ICO | ||